Flags of Countries, Autonomous Regions, and Territories - Statistics

General Stats
  • This quiz has been taken 85 times
    59 since last reset
  • The average score is 197 of 267
Answer Stats
Picture Answer % Correct
Norway
92%
Russia
92%
United States of America
92%
American Samoa
86%
Andorra
78%
Antigua and Barbuda
78%
Brazil
78%
Brunei
78%
Cameroon
78%
Costa Rica
78%
Croatia
78%
Czechia
78%
Democratic Republic of the Congo
78%
Dominican Republic
78%
El Salvador
78%
Ethiopia
78%
Gambia
78%
Jamaica
78%
Macao/Macau
78%
Madagascar
78%
Malawi
78%
Mauritius
78%
Mayotte
78%
Moldova
78%
Myanmar
78%
New Caledonia
78%
Rwanda
78%
Slovenia
78%
South Korea
78%
Spain
78%
Sudan
78%
Suriname
78%
Trinidad and Tobago
78%
Turkmenistan
78%
Ukraine
78%
United Kingdom
78%
Uruguay
78%
Venezuela
78%
Zambia
78%
Afghanistan
75%
Albania
75%
Algeria
75%
Angola
75%
Argentina
75%
Armenia
75%
Aruba
75%
Australia
75%
Austria
75%
Azerbaijan
75%
Bahamas
75%
Bahrain
75%
Bangladesh
75%
Barbados
75%
Belarus
75%
Belgium
75%
Belize
75%
Benin
75%
Bhutan
75%
Bolivia
75%
Bosnia and Herzegovina
75%
Botswana
75%
Burkina Faso
75%
Burundi
75%
Cambodia
75%
Canada
75%
Central African Republic
75%
Chad
75%
Chile
75%
China
75%
Christmas Island
75%
Cocos (Keeling) Islands
75%
Colombia
75%
Cote d'Ivoire
75%
Cuba
75%
Cyprus
75%
Djibouti
75%
Dominica
75%
Ecuador
75%
Egypt
75%
Equatorial Guinea
75%
Eritrea
75%
Estonia
75%
Eswatini
75%
Federated States of Micronesia
75%
Finland
75%
France
75%
Gabon
75%
Georgia
75%
Germany
75%
Ghana
75%
Gibraltar
75%
Greece
75%
Greenland
75%
Grenada
75%
Guam
75%
Guatemala
75%
Guinea
75%
Guinea-Bissau
75%
Guyana
75%
Haiti
75%
Honduras
75%
Hungary
75%
Iceland
75%
India
75%
Indonesia
75%
Iran
75%
Iraq
75%
Ireland
75%
Israel
75%
Italy
75%
Japan
75%
Jordan
75%
Kazakhstan
75%
Kenya
75%
Kiribati
75%
Kosovo
75%
Kuwait
75%
Kyrgyzstan
75%
Laos
75%
Latvia
75%
Lebanon
75%
Lesotho
75%
Liberia
75%
Libya
75%
Liechtenstein
75%
Lithuania
75%
Luxembourg
75%
Malaysia
75%
Maldives
75%
Mali
75%
Malta
75%
Marshall Islands
75%
Mauritania
75%
Mexico
75%
Monaco
75%
Mongolia
75%
Montenegro
75%
Mozambique
75%
Namibia
75%
Nauru
75%
Nepal
75%
Netherlands
75%
New Zealand
75%
Niger
75%
Nigeria
75%
Northern Cyprus
75%
Northern Mariana Islands
75%
North Korea
75%
North Macedonia
75%
Oman
75%
Pakistan
75%
Palau
75%
Panama
75%
Papua New Guinea
75%
Paraguay
75%
Peru
75%
Philippines
75%
Poland
75%
Portugal
75%
Puerto Rico
75%
Qatar
75%
Republic of the Congo
75%
Romania
75%
Saint Kitts and Nevis
75%
Saint Lucia
75%
Saint Martin
75%
Saint Vincent and the Grenadines
75%
Samoa
75%
San Marino
75%
Sao Tome and Principe
75%
Saudi Arabia
75%
Scotland
75%
Serbia
75%
Seychelles
75%
Sierra Leone
75%
Singapore
75%
Slovakia
75%
Somalia
75%
Somaliland
75%
South Africa
75%
Sri Lanka
75%
Sweden
75%
Switzerland
75%
Syria
75%
Taiwan
75%
Tajikistan
75%
Tanzania
75%
Thailand
75%
Togo
75%
Tokelau
75%
Tonga
75%
Tunisia
75%
Turkey
75%
Uganda
75%
US Virgin Islands
75%
Uzbekistan
75%
Vanuatu
75%
Vatican City
75%
Vietnam
75%
Wales
75%
Yemen
75%
Zimbabwe
75%
Abkhazia
72%
Aland
72%
Anguilla
72%
Bulgaria
72%
Cape Verde
72%
Comoros
72%
Curacao
72%
Denmark
72%
Faroe Islands
72%
Fiji
72%
Guernsey
72%
Hong Kong
72%
Isle of Man
72%
Jersey
72%
Morocco
72%
Nicaragua
72%
Niue
72%
Palestine
72%
Reunion
72%
Saint Pierre and Miquelon
72%
Senegal
72%
Solomon Islands
72%
South Sudan
72%
Timor-Leste
72%
Transnistria
72%
Tuvalu
72%
United Arab Emirates
72%
Western Sahara
72%
British Virgin Islands
69%
Cayman Islands
69%
Cook Islands
69%
Falkland Islands
69%
French Guiana
69%
French Polynesia
69%
Guadeloupe
69%
Montserrat
69%
Norfolk Island
69%
Northern Ireland
69%
Saint Helena
69%
Sint Eustatius
69%
Sint Maarten
69%
South Ossetia
69%
Tibet
69%
Turks and Caicos
69%
Bermuda
67%
Bonaire
67%
Canary Islands
67%
Madeira
67%
Pitcairn Islands
67%
Saba
67%
Sardinia
67%
Tristan da Cunha
67%
Wallis and Futuna
67%
Ascension
64%
Azores
64%
Corsica
64%
Easter Island (Rapa Nui)
64%
Saint Barthelemy
64%
Adjara
61%
Martinique
61%
Sicily
61%
Nakhchivan
44%
Torres Strait Islands
44%
Archipelago of San Andrés, Providencia and Santa Catalina
42%
Federal Dependencies of Venezuela
39%
No matching quizzes found
Score Distribution
Percent of People with Each Score
Percentile by Number Answered
Your Score History
You have not taken this quiz since the last reset